| 000 | 03173cam a22004454i 4500 | ||
|---|---|---|---|
| 003 | PE-LiUPU | ||
| 005 | 20250731165440.0 | ||
| 008 | 160613s2012 pe a grm 000 0 spa d | ||
| 035 | _a(Sirsi) a157209 | ||
| 040 |
_aPE-LiUPU _bspa _cPE-LiUPU _erda |
||
| 099 |
_aTIS 2 _bT87 2012 |
||
| 100 | 1 |
_aTuco Calizaya, Wilson Fredy, _eautor |
|
| 245 | 1 |
_aEfectividad del Framework basado en el patrón de diseño Modelo-Vista-Presentador en el desarrollo de aplicaciones Web Ajax para la entidad privada BluelStar Energy Solutions / _cWilson Fredy Tuco Calizaya. |
|
| 264 | 0 | _c2012. | |
| 300 |
_a194 hojas : _bilustraciones; _c27.5 cm |
||
| 336 |
_atext _2rdacontent |
||
| 337 |
_aunmediated _2rdamedia |
||
| 338 |
_avolume _2rdacarrier |
||
| 502 |
_aTesis _b(Lic.) -- _cUniversidad Peruana Unión, _d2012. |
||
| 504 | _aIncluye referencias | ||
| 520 | 3 | _aEl presente trabajo exhibe un estudio acerca de la tecnología AJAX, con el objetivo de brindar un ámbito conceptual acerca de los distintos aspectos relacionados a las mismas y proponer un framework para un eficiente desarrollo de aplicaciones Web Ajax. En la actualidad muchos de los desarrolladores de software estamos acostumbrados a no utilizar un patrón de diseño o un estandar para poder diseñar, codificar e implementar un sofware o una herramienta, y debido a esto muchas veces el código es ilegible y realizar mejoras o pruebas es un poco complicado más aún en aplicaciones Web Ajax. Además algunas veces nos enfocamos a desarrollar partes de la aplicación para las cuales ya existe una solución bien implementada y probada que haría más fácil, consistente y estructurada nuestra labor. Se propone desarrollar un framework basado en un patrón de diseño que pueda adaptarse mejor a las aplicaciones Web Ajax como es el patrón Modelo-Vista- Presentador a diferencia del patrón Modelo-Vista-Controlador, a la vez aprovechar herramientas para el desarrollo de aplicaciones ajax como es el SDK GWT y los framework Spring e Hibernate que haremos el uso en la parte de modelo y persistencia, permitiéndonos a los desarrolladores implementar de manera independiente las diferentes capas que constituyen una aplicación. Este modelo proporciona una organización del diseño del sofware que aporta independencia entre las capas del mismo (vista, presentador y modelo), lo cual permite aislar los problemas propios de cada capa y resolverlos sin tener en consideración los demás. Por otra parte la independencia entre capas hace que sean fácilmente sustituibles, evitando dependencias y facilitando la reusabilidad, logrando una aplicación de calidad. | |
| 526 | _aSEG44 | ||
| 526 | _aSEG26 | ||
| 526 | _aP151 | ||
| 526 | _aP150 | ||
| 526 | _aP149 | ||
| 526 | _aP146 | ||
| 526 | _aP145 | ||
| 526 | _aP126 | ||
| 526 | _aP125 | ||
| 526 | _aP92 | ||
| 526 | _aP75 | ||
| 526 | _aP74 | ||
| 526 | _aP27 | ||
| 526 | _aP15 | ||
| 650 | 0 | 4 |
_aAplicaciones web _xDiseño web. |
| 596 | _a1 | ||
| 942 |
_2ddc _cTESIS |
||
| 999 |
_aTIS 2 T87 2012 _wALPHANUM _c9880 _iT01581 _lCCODEBUL3 _mBUL _r1 _sY _tTESIS _u2016-6-13 _xINGENIERIA _PP27 _o.STAFF. Tesis _d9880 |
||
| 980 |
_81 _gALBERTO SANCHEZ Responsable de Automatización |
||